Statistics for KPOP Group Quiz

Click here to take the quiz!

General Stats

  • This quiz has been taken 96 times
  • The average score is 10 of 15

Answer Stats

QuestionAnswer% Correct
Which one of these Kpop groups is famously known for their song "Cupid"?FiftyFifty
98%
Which one of these Kpop groups fandom name is "Carats"?Seventeen
96%
Which one of these kpop groups has 13 members?Seventeen
94%
Which one of these Kpop groups debuted with the song "Attention"?New Jeans
92%
Which one of the following Aespa members is most popular?Karina
91%
Which one of the following groups had the first J-line in Kpop?Twice
89%
Which of these groups was not formed from a survival show?Aespa
78%
Which one of these songs was BTS debut song?No more dream
75%
Which one of these kpop groups holds the most daesangs?BTS
74%
Which Kpop group debuted on April 8, 2012?EXO
69%
Which one of these songs won "Song Of The Year" in the 34th Golden Disc Awards?Boy with luv
59%
Which one of the women below hold the "It Girl" title?Jennie Kim
51%
Which one of these men is South Koreas It Boy?Jimin
41%
Which one of these groups were known as "Monster Rookies"?IVE
21%
Which one of these groups had their fastest win?Winner
5%

Score Distribution

Percentile by Number Answered

Percent of People with Each Score

Your Score History

You have not taken this quiz